| 000 | 01290cab a2200349 4500 | ||
|---|---|---|---|
| 001 | ABS58998 | ||
| 008 | 090401t1998 xxu||||| |||| 00| 0 eng d | ||
| 035 | _a(Sirsi) u87476 | ||
| 041 | _aeng | ||
| 100 | _aPalmer, S. | ||
| 245 | _aHeady heights for timber frames | ||
| 260 | _c1998 | ||
| 350 | _a0 | ||
| 490 |
_aHouse Builder _v57(6) July 1998, 32-34(3) |
||
| 520 | _aConsiders the benefits of timber frame building in the light of the growing need for new houses to be built in urban areas, changes to building regulations increasing the maximum number of storeys for timer building and, the recommendations of the Latham report. Discusses Timber Frame 2000, a project which aims to increase the value of the design and construction process, reduce construction time and, improve quality. | ||
| 650 | _aBENCHMARKING | ||
| 650 |
_aBUILDING REGULATIONS _96224 |
||
| 650 | _aCONCRETE FRAMED BUILDINGS | ||
| 650 | _aCOSTS | ||
| 650 | _aENVIRONMENTAL IMPACT | ||
| 650 | _aINSULATION | ||
| 650 | _aPREFABRICATION | ||
| 650 | _aQUALITY | ||
| 650 | _aSTEEL FRAMES | ||
| 650 | _aTIMBER FRAME 2000 | ||
| 650 | _aTIMBER FRAMES | ||
| 650 | _aURBAN AREAS | ||
| 690 | _aBUILT ENVIRONMENT-BUILDING MATERIALS | ||
| 700 | _aHeriot, R. | ||
| 942 | _n0 | ||
| 948 | _c17/07/1998 | ||
| 999 |
_c55174 _d55174 |
||